000 01315nam a2200313 a 4500
001 ebr10271792
003 CaPaEBR
006 m u
007 cr cn|||||||||
008 080313s2008 nyua s 001 0 eng
010 _z 2008011895
020 _z9780814409886 (hardcover)
020 _z0814409881 (hardcover)
040 _aCaPaEBR
_cCaPaEBR
035 _a(OCoLC)275130705
050 1 4 _aHD69.P75
_bM6743 2008eb
082 0 4 _a658.4/04
_222
100 1 _aMorris, Rick A.,
_d1972-
245 1 0 _aProject management that works
_h[electronic resource] :
_breal-world advice on communicating, problem solving, and everything else you need to know to get the job done /
_cRick A. Morris with Brette McWhorter Sember.
260 _aNew York :
_bAmerican Management Association,
_cc2008.
300 _axx, 219 p. :
_bill.
500 _aIncludes index.
533 _aElectronic reproduction.
_bPalo Alto, Calif. :
_cebrary,
_d2013.
_nAvailable via World Wide Web.
_nAccess may be limited to ebrary affiliated libraries.
650 0 _aProject management.
655 7 _aElectronic books.
_2local
700 1 _aSember, Brette McWhorter,
_d1968-
710 2 _aebrary, Inc.
856 4 0 _uhttp://site.ebrary.com/lib/rucke/Doc?id=10271792
_zAn electronic book accessible through the World Wide Web; click to view
999 _c8547
_d8547